La organización política y la estructura del poder en la sociedad contemporánea /

Guardado en:
Autor Principal: Fayt, Carlos S.
Formato: Libro
Idioma:Spanish
Publicado: Buenos Aires : La Ley, 2010
Edición:1a. ed.
Materias:
Etiquetas: Agregar Etiqueta
Sin Etiquetas, Sea el primero en etiquetar este registro!
LEADER 00503nam a22001575a 4500
001 DER.der011574
008 180615s2010####ag#||||||||||||||#||spa||
005 20251230141641.0
245 1 0 |a La organización política y la estructura del poder en la sociedad contemporánea /  |c Carlos Santiago Fayt 
250 |a 1a. ed. 
260 |a Buenos Aires :  |b La Ley,  |c 2010 
300 |a 233 p. 
020 |a 9789870318309 
100 1 |a Fayt, Carlos S. 
650 7 |a DERECHO POLITICO 
859 |a DERECHO  |b BIB. DERECHO  |h 323.5  |i FAY  |p 006713